000
00183nam a22000977a 4500
020
_a
9788124118689
082
_a
K800
245
_a
THE ALIENS ARE AMONG US
300
_a
24P
942
_c
BK
999
_c
1966
_d
1966